000
00285nam a22001337a 4500
008
170615b xxu||||| |||| 00| 0 eng d
020
_a
9780073545646
041
_a
eng
080
_2
5TH
_a
32
100
_a
19
101
_a
SHP
245
_a
TAKING SIDES
_c
BENNETT,A
942
_2
udc
_c
BK
999
_c
17464
_d
17464